| 000 | 00764nam a2200241Ia 4500 | ||
|---|---|---|---|
| 003 | OSt | ||
| 005 | 20220923214735.0 | ||
| 006 | a|||||r|||| 00| 0 | ||
| 007 | ta | ||
| 008 | 220922b |||||||| |||| 00| 0 hin d | ||
| 024 | _a172,159 | ||
| 037 | _cTextual | ||
| 040 |
_aARTS _cARTS _bhin |
||
| 041 |
_2hin _ahin |
||
| 082 | _aO142,3M18,5, 152N8-;1 | ||
| 100 |
_aतुगेनेव, ईवान _9156275 |
||
| 245 | 0 | _aस्वाभिमानी | |
| 246 | _aSvābhimānī | ||
| 260 |
_aदिल्ली _b संस्कृति साहित्य प्रकाशन _c1998 |
||
| 300 |
_a79 पृ. _ccm. |
||
| 942 |
_hO142,3M18,5, 152N8-;1 _cTEXL _2CC |
||
| 999 |
_c326283 _d326283 |
||